Library of the University of Algiers 3
Ibrahim Sultan Cheibout
شعار جامعة الجزائر 3
مكتبة جامعة الجزائر 3
إبراهيم سلطان شيبوط

التسويق الالكتروني : (رقم التسجيلة. 41469)

تفاصيل مارك
000 -LEADER
fixed length control field 01567nam a2200241Ia 4500
003 - CONTROL NUMBER IDENTIFIER
control field Ost
005 - DATE AND TIME OF LATEST TRANSACTION
control field 20260416102402.0
008 - FIXED-LENGTH DATA ELEMENTS--GENERAL INFORMATION
fixed length control field 260416s9999||||xx |||||||||||||| ||und||
040 ## - CATALOGING SOURCE
Transcribing agency fsecg
041 ## - LANGUAGE CODE
Language code of text/sound track or separate title ara
082 ## - DEWEY DECIMAL CLASSIFICATION NUMBER
Classification number 658.8
100 ## - MAIN ENTRY--PERSONAL NAME
Personal name عينوس، رضوان
Relator term مؤلف
245 #0 - TITLE STATEMENT
Title التسويق الالكتروني :
Remainder of title موجهة لطلبة السنة الثالثة علوم تجارية تخصص تسويق /
Statement of responsibility, etc. رضوان عينوس
260 ## - PUBLICATION, DISTRIBUTION, ETC.
Place of publication, distribution, etc. الجزائر
Name of publisher, distributor, etc. جامعة الجزائر3: كلية العلوم الإقتصادية، العلوم التجارية وعلوم التسيير
Date of publication, distribution, etc. 2025
300 ## - PHYSICAL DESCRIPTION
Extent 109 ورقة
Other physical details ايضاحات
Dimensions 12 سم
504 ## - BIBLIOGRAPHY, ETC. NOTE
Bibliography, etc. note المراجع ص.94
520 ## - SUMMARY, ETC.
Summary, etc. مدخل للتسويق الإلكتروني ، متطلبات ممارسة التسويق الإلكتروني، نظرة شاملة عن التجارة الإلكترونية، الفرق بين التسويق الإلكتروني والتسويق التقليدي، المنتج الإلكتروني، سياسة التسعير والأنترنت، سياسة التوزيع والأنترنت، سياسة الترويج والأنترنت، تصميم الموقع الإلكتروني التسويقي و مزايا وعيوب التسويق الإلكتروني
653 ## - INDEX TERM--UNCONTROLLED
Uncontrolled term الانترنت
653 ## - INDEX TERM--UNCONTROLLED
Uncontrolled term الترويج
653 ## - INDEX TERM--UNCONTROLLED
Uncontrolled term التسويق
710 ## - ADDED ENTRY--CORPORATE NAME
Corporate name or jurisdiction name as entry element جامعة الجزائر3: كلية العلوم الإقتصادية، العلوم التجارية وعلوم التسيير
Relator term ناشر علمي
942 ## - ADDED ENTRY ELEMENTS (KOHA)
Koha item type مطبوعات
المقتنيات
Withdrawn status Lost status Source of classification or shelving scheme Damaged status Not for loan Home library Current library Date acquired Serial enumeration / chronology Inventory number Total checkouts Full call number Barcode Date last seen Price effective from Koha item type
    Dewey Decimal Classification   NOT LOAN / إعارة داخلية مكتبة كلية العلوم الإقتصادية والعلوم التجارية وعلوم التسيير مكتبة كلية العلوم الإقتصادية والعلوم التجارية وعلوم التسيير 16/04/2026 الطابق الثاني مط.961-1   مط.961 ن1 مط.961-1 16/04/2026 16/04/2026 مطبوعات

موارد الويب المفتوحة


© University of Algiers 3 All Rights Reserved
|
Implemented by LECHELAH Riad